Belgium's Largest Cities A-Z Quiz Stats

 Plays Quiz not verified by Sporcle

Challenge
Share
Tweet
Embed
Score 0/24 Timer 05:00
0 Plays Today
Letter City % Correct
BBrussels
95.9%
AAntwerp
95.1%
CCharleroi
84.6%
GGhent
79.7%
LLiege
79.7%
NNamur
69.1%
MMons
64.2%
HHasselt
64.2%
KKortrijk
60.2%
OOstend
50.4%
YYpres
48.8%
RRoeselare
46.3%
Letter City % Correct
TTournai
45.5%
DDendermonde
43.9%
VVerviers
38.2%
UUccle
32.5%
SSchaerbeek
30.9%
IIxelles
26.8%
ZZottegem
26.8%
PPoperinge
18.7%
JJette
15.4%
FForest
11.4%
EEtterbeek
10.6%
WWoluwe-Saint Lambert
7.3%

You're not logged in!

Compare scores with friends on all Sporcle quizzes.
OR
Log In

You Might Also Like...

Show Comments

Extras

Top Quizzes Today


Score Distribution

Your Account Isn't Verified!

In order to create a playlist on Sporcle, you need to verify the email address you used during registration. Go to your Sporcle Settings to finish the process.

Report this User

Report this user for behavior that violates our Community Guidelines.

Details: